| 000 | 01054cam a22002054a 4500 | ||
|---|---|---|---|
| 005 | 20250605164020.0 | ||
| 008 | 250528s ||||||||||||||||||||||||d | ||
| 035 | _a16325 | ||
| 020 | _a1566091594 | ||
| 040 |
_aGR-AtMCL _bgre _dGR-AtMCL _eAACR2 |
||
| 245 | 1 | _aThe Non Designer's Design Book / Design and Typographic Principles for the Visual Novice | |
| 260 |
_bPeachpit Press, _c1994 |
||
| 300 | _a144 | ||
| 505 | 0 | _aDesign Principles, The Joshua Tree Principle, Proximity, Alignment, Repetition, Contrast, Reviewm Designing with Type, Type(& Life), Categories of Type, Type Contrasts, Extras, So Do you Get It?, Answers to Quizzes, Bibliography, Typefaces in this Book, Index. | |
| 520 | _aDesign Principles, The Joshua Tree Principle, Proximity, Alignment, Repetition, Contrast, Reviewm Designing with Type, Type(& Life), Categories of Type, Type Contrasts, Extras, So Do you Get It?, Answers to Quizzes, Bibliography, Typefaces in this Book, Index. | ||
| 700 | 1 |
_aWilliams Robin _92405 |
|
| 942 | _cBK | ||
| 999 |
_c1837 _d1837 |
||